| 000 | 00696nam a2200289Ia 4500 | ||
|---|---|---|---|
| 005 | 20260324133423.0 | ||
| 008 | 008 260324s9999 xx 000 0 eng d | ||
| 020 | _a9781315059358 | ||
| 037 | _aEBOOK | ||
| 040 | _aCRL | ||
| 040 | _beng | ||
| 040 | _cCRL | ||
| 041 | _2eng | ||
| 041 | _aeng | ||
| 084 | _qCRL | ||
| 100 |
_aVictoria J. Risko; Karen Bromley _91193030 |
||
| 245 | 0 | _aCollaboration for Diverse Learners | |
| 245 | 0 | _bViewpoints and Practices | |
| 260 | _bTaylor and Francis | ||
| 260 | _c2003 | ||
| 365 | _a | ||
| 365 | _b130 | ||
| 856 | _uhttp://www.taylorfrancis.com/books/9781315059358 | ||
| 942 | _cEBOOK | ||
| 999 |
_c1792036 _d1792036 |
||